000 00406nam a2200133Ia 4500
008 100328s9999 xx 000 0 und d
082 _b58171
100 _aदेशपांडे ना.व्यं.
245 _aसरकार ते सरकार
260 _bमौज
630 _aसरकार ते सरकार
730 _aसरकार ते सरकार
942 _cBOOK
999 _c544534
_d544531